Die teuersten Fußballtransfers - Rechter Verteidiger - 2015-2016 - Statistiken

Allgemein
  • Dieses Quiz wurde 8 mal gespielt
  • Das Durchschnittsergebnis liegt bei 4 aus 11
Antwortstatistiken
Ablöse (M €) Nationalität Abgebender Verein Aufnehmender Verein Spieler % Korrekt
8,50 Deutschland VfB Stuttgart Bayern München Joshua Kimmich
86%
18,00 Italien FC Tutin Manchester United Matteo Darmian
71%
17,70 England Southampton FC Liverpool Nathaniel Clyne
71%
5,00 Albanien FC Empoli SSC Neapel Elseid Hysaj
43%
10,00 Elfenbeinküste FC Toulouse Paris SG Serge Aurier
43%
15,00 Portugal Benfica FC Valencia João Cancelo
29%
4,90 England FC Burnley Tottenham Kieran Trippier
29%
7,00 Portugal Sporting Southampton Cédric Soares
14%
10,50 Serbien Udinese Calcio Lazio Rom Dusan Basta
0%
4,90 Mexiko FC Villarreal Tigres UANL Javier Aquino
0%
5,00 England FC Brentford Hull City Moses Odubajo
0%
Keine übereinstimmenden Quizze gefunden
Verteilung der Resultate
Anzahl Personen mit jedem Resultat
Perzentil nach korrekt beantworteten Fragen
Ihre Resultats-Entwicklung
Sie haben dieses Quiz noch nicht gespielt